Poesía más novela, igual, poesía: la apuesta de Roberto Bolaño

Saved in:
Bibliografiske detaljer
Hovedforfatter: Olivier, Florence (autora)
Format: Bog
Sprog:spansk
Udgivet: Xalapa Universidad Veracruzana 2015
Udgivelse:1a. ed
Serier:Colección Biblioteca
Fag:
Tags: Tilføj Tag
Ingen Tags, Vær først til at tagge denne postø!

MARC

LEADER 00000cam a2200000 a 4500
001 UCD6679
003 CL-VaPUC
005 20230531074421.0
008 170108e20150825mx |||||||||||||||||spa|d
999 |c 366896  |d 366894 
020 |a 9786075024035 
040 |c Pontificia Universidad Católica de Valparaíso 
082 0 4 |a Ch861  |b OLI  |2 21 
100 1 |a Olivier, Florence  |e autora  |9 590498 
245 1 0 |a Poesía más novela, igual, poesía: la apuesta de Roberto Bolaño 
250 |a 1a. ed 
260 |a Xalapa  |b Universidad Veracruzana  |c 2015 
300 |a 222 p 
490 0 |a Colección Biblioteca 
583 |a last modification  |c 20170108 00:10:00  |k Rodrigo Vera 
600 |a Bolaño, Roberto,  |d 1953-2003  |9 877884  |x Crítica e interpretación 
650 0 |a Poesías chilenas   |9 265280 
650 0 |a Novelas chilenas   |9 265425 
650 0 |a Literatura chilena   |9 308278 
942 |c BK  |2 ddc 
945 |d 20170108 00:10:00  |a arojas 
952 |0 0  |1 0  |3 erb  |4 0  |6 CH_861_000000000000000_OLI_2015  |7 0  |8 A  |9 481532  |a BIBEDU  |b BIBEDU  |c ES_NOD  |i 5358930  |o Ch861 OLI 2015  |p 5358930  |r 2023-08-09  |w 2019-11-24  |y BK  |z Catalogado en:20170108  |k LIT